El deshielo del este /

Guardado en:
Detalles Bibliográficos
Autor principal: Turrent, Isabel (autor)
Formato: Libro
Idioma:Español
Publicado: México : Vuelta, 1991, c1991
Etiquetas: Agrega una etiqueta
Sin etiquetas, Sé el primero en etiquetar este registro!

MARC

LEADER 00000nam^a2200000^a^4500
001 000631960
005 20260521000000.0
009 20260526154615.169
020 |a 968-6229-41-8 
037 |a Acervo Xavier Clavigero 
041 |a ESP 
091 |a FHG. 02363 
100 |a Turrent, Isabel  |e (autor) 
245 1 3 |a El deshielo del este / 
264 4 |a México :  |b Vuelta,  |c 1991, c1991 
300 |a 235 p. 
336 |a texto  |b txt  |2 rdacontenido 
337 |a sin mediación  |b n  |2 rdamedio 
338 |a volumen  |b nc  |2 rdasoporte 
649 |a XX 
910 |a Fondo Humberto García Bedoy S.J. 
920 |a Impresos - Libros 
930 |a Fondos Especiales 
905 |a 148 
901 |a 632213-10  |b IT2  |c ESP  |i D  |u 20260521 
902 |a https://opac.biblio.iteso.mx/vufind/Record/000631960